000 00383nam a22001577a 4500
005 20200524134926.0
008 200524b xxu||||| |||| 00| 0 eng d
041 _aeng
082 _a340
100 _aBARE ACT
_95744
245 _aTHE ATOMIC ENERGE ACT 1962 (33 OF 1962)
260 _aDELHI
_bPROFESSIONALS BOOKS PUBLISHERS
300 _a113;p
650 _aLAW
_95701
942 _cBK
999 _c6505
_d6503